书目信息 |
| 题名: |
地方本科高校产教融合应用型人才培养研究
|
|
| 作者: | 王凤领 著 | |
| 分册: | ||
| 出版信息: | 北京 中国水利水电出版社 2020.04 |
|
| 页数: | 212页 | |
| 开本: | 24cm | |
| 丛书名: | ||
| 单 册: | ||
| 中图分类: | G649.21 | |
| 科图分类: | ||
| 主题词: | 地方高校--产学合作--人才培养--研究--中国 | |
| 电子资源: | ||
| ISBN: | 978-7-5170-8406-8 | |
| 000 | 01513nam0 2200241 450 | |
| 001 | 0103152705 | |
| 005 | 20201103152733.0 | |
| 010 | @a978-7-5170-8406-8@dCNY64.00 | |
| 100 | @a20200713d2020 em y0chiy50 ea | |
| 101 | 0 | @achi |
| 102 | @aCN@b110000 | |
| 105 | @aak az 000yy | |
| 106 | @ar | |
| 200 | 1 | @a地方本科高校产教融合应用型人才培养研究@Adi fang ben ke gao xiao chan jiao rong he ying yong xing ren cai pei yang yan jiu@f王凤领著 |
| 210 | @a北京@c中国水利水电出版社@d2020.04 | |
| 215 | @a212页@c图@d24cm | |
| 320 | @a有书目(第201-212页) | |
| 330 | @a随着我国经济社会的发展和创新驱动发展战略的实施,人才供需关系发生了深刻变化。在转型过程中,针对地方本科高校教育中存在的专业动力不足、教学科研两张皮、创新与专业融合不够、产教融合不够深入等问题,地方本科高校要进一步深化对转型的认识,实现科学定位,深化综合改革手段,以服务企业、服务地方和对接行业作为地方本科高校人才培养的目标,加强与地方政府、企业之间的交往,形成合作共赢、共同繁荣发展、特色鲜明的人才培养新模式,如何通过产教融合、产学研结合,为社会培养应用型人才,已成为地方本科高校发展过程中的一个重要问题。本书从产教融合、校企合作教育的角度,运用文献研究和案例研究的方法,分析了我国地方本科高校应用型人才培养的现状和存在的问题,借鉴发达国家的经验,选取地方本科高校试点,分析其校企合作办学的成功措施和经验,为我国地方本科高校培养应用型人才提供参考意见。 | |
| 606 | 0 | @a地方高校@x产学合作@x人才培养@x研究@y中国 |
| 690 | @aG649.21@v5 | |
| 701 | 0 | @a王凤领@Awang feng ling@4著 |
| 801 | 0 | @aCN@bBJSZM@c20201103 |
| 905 | @b1258416-20@dG649.21@e1777@f5 | |
| 地方本科高校产教融合应用型人才培养研究/王凤领著.-北京:中国水利水电出版社,2020.04 |
| 212页:图;24cm |
| ISBN 978-7-5170-8406-8:CNY64.00 |
| 随着我国经济社会的发展和创新驱动发展战略的实施,人才供需关系发生了深刻变化。在转型过程中,针对地方本科高校教育中存在的专业动力不足、教学科研两张皮、创新与专业融合不够、产教融合不够深入等问题,地方本科高校要进一步深化对转型的认识,实现科学定位,深化综合改革手段,以服务企业、服务地方和对接行业作为地方本科高校人才培养的目标,加强与地方政府、企业之间的交往,形成合作共赢、共同繁荣发展、特色鲜明的人才培养新模式,如何通过产教融合、产学研结合,为社会培养应用型人才,已成为地方本科高校发展过程中的一个重要问题。本书从产教融合、校企合作教育的角度,运用文献研究和案例研究的方法,分析了我国地方本科高校应用型人才培养的现状和存在的问题,借鉴发达国家的经验,选取地方本科高校试点,分析其校企合作办学的成功措施和经验,为我国地方本科高校培养应用型人才提供参考意见。 |
| ● |
| 相关链接 |
|
|
|
|
正题名:地方本科高校产教融合应用型人才培养研究
索取号:G649.21/1777
 
预约/预借
| 序号 | 登录号 | 条形码 | 馆藏地/架位号 | 状态 | 备注 |
| 1 | 1258416 | 212584167 | 第一样本阅览室/ [索取号:G649.21/1777] | 在馆 | |
| 2 | 1258417 | 212584176 | 教育系资料室/ [索取号:G649.21/1777] | 在馆 | |
| 3 | 1258418 | 212584185 | 教育系资料室/ [索取号:G649.21/1777] | 在馆 | |
| 4 | 1258419 | 212584194 | 第四借阅区/ [索取号:G649.21/1777] | 在馆 | |
| 5 | 1258420 | 212584201 | 第四借阅区/ [索取号:G649.21/1777] | 在馆 |